New cutting edge : (Record no. 30824)

MARC details
000 -LEADER
fixed length control field 00912nam a2200277 i 4500
003 - CONTROL NUMBER IDENTIFIER
control field EG-ScBUE
005 - DATE AND TIME OF LATEST TRANSACTION
control field 20241013101548.0
008 - FIXED-LENGTH DATA ELEMENTS--GENERAL INFORMATION
fixed length control field 101122s2005 enk f d 000 0 eng d
020 ## - INTERNATIONAL STANDARD BOOK NUMBER
International Standard Book Number 0582825253
040 ## - CATALOGING SOURCE
Original cataloging agency EG-ScBUE
Language of cataloging eng
Description conventions rda
Transcribing agency EG-ScBUE
Modifying agency EG-ScBUE
082 04 - DEWEY DECIMAL CLASSIFICATION NUMBER
Classification number 428.24
Item number CUN
Edition number 22
245 00 - TITLE STATEMENT
Title New cutting edge :
Remainder of title mini-dictionary,
Name of part/section of a work Upper intermediate.
246 30 - VARYING FORM OF TITLE
Title proper/short title Upper intermediate
264 #1 - PUBLICATION, DISTRIBUTION, ETC. (IMPRINT)
Place of publication, distribution, etc Harlow, England :
Name of publisher, distributor, etc Longman :
-- Pearson Education Limited,
Date of publication, distribution, etc 2005.
300 ## - PHYSICAL DESCRIPTION
Extent 47 pages ;
Dimensions 18 cm
336 ## - CONTENT TYPE
Source rdacontent
Content type term text
Content type code txt
336 ## - CONTENT TYPE
Source rdacontent
Content type term sounds
Content type code snd
337 ## - MEDIA TYPE
Source rdamedia
Media type term unmediated
Media type code n
337 ## - MEDIA TYPE
Source rdamedia
Media type term audio
Media type code s
338 ## - CARRIER TYPE
Source rdacarrier
Carrier type term volume
Carrier type code nc
338 ## - CARRIER TYPE
Source rdacarrier
Carrier type term audio cassette
Carrier type code ss
650 #7 - SUBJECT ADDED ENTRY--TOPICAL TERM
Topical term or geographic name as entry element English language
Form subdivision Textbooks for foreign speakers.
Source of heading or term BUEsh
9 (RLIN) 13993
653 ## - INDEX TERM--UNCONTROLLED
Arrived date list August2015
Resource For college Humanities: English
655 ## - INDEX TERM--GENRE/FORM
Form subdivision Reading book
9 (RLIN) 34232
942 ## - ADDED ENTRY ELEMENTS (KOHA)
Source of classification or shelving scheme Dewey Decimal Classification
Koha item type Book - Borrowing
Holdings
Withdrawn status Lost status Source of classification or shelving scheme Damaged status Not for loan Collection code Home library Current library Shelving location Date acquired Source of acquisition Total Checkouts Full call number Barcode Date last seen Price effective from Koha item type
    Dewey Decimal Classification     Baccah Central Library Central Library Second Floor 13/10/2024 Purchase   428.24 CUN 000057184 15/07/2025 13/10/2024 Book - Borrowing